000 01110cam a2200337 a 4500
003 CHAP
005 20220817044017.0
008 050401d2004 mx r 10100 eng d
010 _a89964
011 _a90936
020 _a9706481249
035 _a101493
040 _cCHAP
082 0 4 _a632.12
_bW6
111 0 0 _aWorkshop Resilient Crops for Water Limited Environments
_d(2004 :
_cCuernavaca, Mex.)
_9122680
245 1 0 _aProceedings
_c/ed. by D. Poland (and others)
260 _aMéxico, D. F. :
_bCentro Internacional de Mejoramiento de Maíz y Trigo,
_c2004.
300 _a286 p.
590 _aBATCH-UPD
_b10
_c20130110
_lUCH01
_h0750
590 _aBATCH-UPD
_b10
_c20130410
_lUCH01
_h0430
590 _aBATCH-UPD
_b10
_c20130914
_lUCH01
_h1122
590 _aCONVERSION
_b10
_c20130109
_lUCH01
_h1350
650 1 4 _aCultivos
_xResistencia a sequías.
_930323
650 1 4 _aGenética vegetal.
650 1 4 _aIngeniería genética.
_958228
700 0 _aPoland, D.
_990203
901 _aBK
905 _aLilia
942 _cLIBRO
949 _a632.12 W6
_bBC
_cLIBRO
_d33724000952891
_eLIBRO
_h105199
_i101493
_sb
999 _c89964
_d89964